000 00992nas a2200325 4500
001 BR9505185
003 BR-BrBNA
005 20231205094210.0
007 ta
008 230509b bl.|||p| |||| 00| 00por d
040 _aBR-BrBNA
_bpor
_cBiblioteca Nacional de Agricultura
041 _a(Pt)
072 _aP40
100 1 _aVieira, O.J.
100 1 _aSalati, E.
245 1 _aConcentracoes de Deuterio e Oxigenio-18 nas aguas de precipitacao e suas relacoes com algumas caracteristicas de clima nos Estados de Minas Gerais, Sao Paulo e Parana
650 _aChuva
650 _aPrecipitacao Pluvial
650 _aClima
650 _aCondicao Ambiental
650 _aIsotopo
650 _aDeuterio
650 _aOxigenio
650 _aMinas Gerais
650 _aSao Paulo
650 _aPARANÁ
773 0 _tCiencia e Pratica (Brazil)
_xISSN 0100-3267
_g(Jan-Mar 1992), v. 16(1) p. 128-135
_wBR9505185
909 _a202311
_bLúcia
_c55
_dLúcia Elande
942 _2AGRIS
_n0
_cANA
999 _c142720
_d142720